00393nam a2200133Ia 4500003000400000008004100004020002700045040000800072100002100080245010300101260003000204300001300234365001200247LDD181029s9999 xx 000 0 und d a9780415979115cP 90.00 cLDD aMadibbo, Amal I. 0aMinority within a minoritybblack frencophone immigrants and the dynamic of powercAmal I. Madibbo aNew YorkbRoutledgec2006 axi,241p. bP 90.00